000 00908nam a22001817a 4500
999 _c57958
_d57958
003 Ge_BSU
005 20210408123517.0
008 210408s2009 ge ||||| |||| 00| 0 geo d
041 _ageo
080 _a347(479.22)(094.4) ს-32
245 _aსაქართველოს სამოქალაქო კოდექსი :
_bანბანურ-საგნობრივი საძიებლით : ცვლილებებითა და დამატებებით 2009 წლის 20 ოქტომბრამდე.
264 _aთბილისი :
_bბონა კაუზა,
_c2009.
300 _a343 გვ.
_b21 სმ.
440 _aიურისტის ბიბლიოთეკა
_9137
653 _aსაქართველოს სამოქალაქო კოდექსი
653 _aსამართალი
942 _2udc
_cBK